000 00805 a2200229 4500
005 20251215113134.0
008 251215b |||||||| |||| 00| 0 eng d
020 _a9788183155991 (hbk)
037 _cTB
040 _aCRL
_cCRL
041 _2eng
_aeng
084 _aQ11:21 R5.1
_qCRL
100 _aOldenberg, Hermann
_9847129
245 _aRgveda:
_btext-critical and exegetical notes
260 _bNew Bharatiya Book Corporation,
_c2025.
_aDelhi, India:
300 _aVol. 1 (733p.)
365 _b2000.00
_cINR
650 _aReligion
_9856543
700 _aThite, Ganesh Umakant
_etranslator.
_9856544
942 _cTB
_2CC
_n0
_hQ11:21 R5.1
999 _c1464418
_d1464418